000 01079nam a22002657a 4500
999 _c65124
_d65124
005 20240530110808.0
008 190212s2018 ua g 000 |dara d
017 _a2014/20313
_bمصر. دار الكتب
020 _a9789777188920
040 _aEG-CaGPL
_cEG-CaGPL
082 0 4 _221
_a305.42 /
_bب ن
245 1 2 _aالنسوية وحقوق المرأة حول العالم :
_bالكتاب الاول : الارث والادوار والقضايا /
_cتحرير ميشيل ا. بالوادى ؛ ترجمة خالد كسروى
250 _aط.1
260 _aالقاهرة :
_bالمركز القومى للترجمة ،
_c2018.
300 _a357 ص. ؛
_c24 سم.
490 0 _aالمركز القومى للترجمة ؛
_v2672.
650 0 7 _2qrmak
_a حقوق المرأة
650 0 7 _2qrmak
_a المرأة
650 0 7 _2qrmak
_a المرأة فى الحياة العامة
651 _2qrmak
700 1 _aبالوادى، ميشيل ا.
_eمحرر
700 1 _aخالد كسروى
_eمترجم
942 _2ddc
_cBK